Statistiques concernant Noms numéraux multplicatifs

Cliquez ici pour prendre le quiz!

Statistiques générales

  • Ce quiz a été pris 50 fois
  • Le résultat moyen est 7 sur 10

Statistiques - réponses

Nom numéral% Correct
Doubler
100%
Quadrupler
98%
Tripler
98%
Quintupler
86%
Sextupler
66%
Octupler
64%
Septupler
55%
100×Centupler
39%
10×Décupler
39%
Nonupler
30%

Distribution des résultats

Percentile par nombre de réponses

% des personnes avec chaque résultat

Votre développement - résultats

Vous n’avez pas pris ce quiz